Aj voda musí zdražieť Tvorba finančných zdrojov a ceny v roku 1994

Bibliographic Details
Format: Article
Language:Slovak
Subjects:

MARC

LEADER 00000nab a2200000 a 4500
001 vtls000506246
003 SK-MaSNL
005 20260303230218.0
008 120927c1994 xo 0 slo
015 |a SNBRB19rr/mm-uuuuu 
035 |a CL0506384 
040 |a SNKBUCL  |b slo  |c SNKBUCL  |e AACR2 
041 0 |a slo 
044 |a xo  |c SK 
080 |a 628.1.03(437.6):338.53(437.6)  |2 1981 
080 |a 338.53(437.6)  |2 1981 
245 0 0 |a Aj voda musí zdražieť  |b Tvorba finančných zdrojov a ceny v roku 1994 
650 0 7 |a povrchové vody  |2 snkbucl  |9 29361 
650 0 7 |a voda pitná  |2 snkbucl  |9 876771 
650 0 7 |a ceny  |2 snkbucl  |9 2113 
655 7 |a články z novín a časopisov  |2 snkbucl  |9 267496 
773 0 |t Roľnícke noviny  |g Č. 8 (12. 1. 1994) 
773 0 |t [Príl.] Beseda  |g Roč. 2, č. 1 (1994), s. 6 
850 |a Slovenská národná knižnica v Martine  |a MTA001 
852 |a SNK  |b KIS3GCP 
958 |a RK 
992 |a RBX 
999 |c 2260721  |d 2262651